| 000 | 00580nam a2200169Ia 4500 | ||
|---|---|---|---|
| 001 | IA_3581,01/08/2007,01/08/2007,0000002000 mx 0000000000spa00," | ||
| 008 | 220117s xx 000 0 und d | ||
| 010 | _a182833 | ||
| 020 | _a968-18-6107-8 | ||
| 082 | _a338.763 C6 | ||
| 110 |
_aConsejo de normalización y certificación de competencia laboral _9154947 |
||
| 245 |
_aAnálisis sectorial de la agroindustria alimentaria / _cConocer |
||
| 260 |
_aMéxico : _bLUMISA, |
||
| 300 | _a99 p. | ||
| 500 | _aC/e | ||
| 650 |
_aIndustrias agrícolas _957925 |
||
| 999 |
_c182833 _d182833 |
||